000 00433nam a2200181Ia 4500
001 7385
005 20260306160451.0
008 260306t2017||||xx |||||||||||||| ||spa||
041 _aESP
082 _a338.9
_bC28C
100 _aCaruana de las Cagigas, Leonardo
_eAUT
245 0 _aCambio y crecimiento económico
260 _c2017
300 _a331 páginas :
_c
650 _aGEN
654 _aCAN
942 _cLIB
_dJUS
_fJUS
_2ddc
_n
999 _c7385
_d7385